000 00752nam a2200193 i 4500
001 172960
003 ES-MaACL
005 20250907063129.0
008 090921s1901 fr |||| | spa d
080 _a331.44
100 1 _aSmiles, Samuel,
_d1812-1904
_9106833
245 1 0 _aVida y trabajo ó caracteres propios de los hombres según su laboriosidad, cultura y genio /
_cpor Samuel Smiles ; traducción directa del inglés, con autorización del autor por Miguel de Toro y Gómez.
260 _aParis :
_bGarnier Hermanos,
_c1901.
300 _a552 p. ;
_c18 cm.
650 1 4 _aTrabajo-
_xAspectos psicológicos
_917591
700 1 _aToro y Gómez, Miguel de.
_9110692
852 _aES-MaACL
_jF-11163
_9R.145208
999 _c172960
_d172960